MARC

LEADER 00000nam0a2200000 4500
001 117519
005 20231031123809.0
010 |a 7301052715 
035 |a (RuTPU)RU\TPU\book\127208 
035 |a RU\TPU\book\127207 
090 |a 117519 
100 |a 20070604d2002 km y0rusy50 ea 
101 0 |a chi 
102 |a CN 
105 |a a z 000zy 
200 1 |a Что такое эстетика?  |f Чжоу Сянь 
210 |a Пекин  |c Изд-во Пекинского ун-та  |d 2002 
215 |a 272 с.  |c ил. 
225 1 |a Гуманитарные и общественные науки 
300 |a Книга на китайском языке. 
610 1 |a эстетика 
610 1 |a теория 
610 1 |a история 
610 1 |a эстетические категории 
610 1 |a эстетический вкус 
610 1 |a прекрасное 
610 1 |a эстетическая культура 
686 |a Ю8  |v LBC/SL-A  |2 rubbk 
700 0 |a Чжоу Сянь 
801 1 |a RU  |b 63413507  |c 20070604  |g PSBO 
801 2 |a RU  |b 63413507  |c 20220530  |g PSBO 
942 |c BK